Normal view
MARC view
Entry Corporate Name
001 - CONTROL NUMBER
- control field: 4793
003 - CONTROL NUMBER IDENTIFIER
- control field: AM-YEHGA
005 - DATE AND TIME OF LATEST TRANSACTION
- control field: 20250617070454.0
008 - FIXED-LENGTH DATA ELEMENTS
- fixed length control field: 140324|| aca||aabn | a|a d
040 ## - CATALOGING SOURCE
- Original cataloging agency: AM-YEHGA
110 ## - HEADING--CORPORATE NAME
- Corporate name or jurisdiction name as entry element: Մօսկվայի հայ գրական-գեղարւեստական խմբակցութիւն
670 ## - SOURCE DATA FOUND
- Source citation: : ԻՆՏԵՐՆԱՑԻՕՆԱԼ :, 1922.
ՀՀ Գիտությունների ազգային ակադեմիայի հիմնարար գիտական գրադարան = Fundamental Scientific Library of NAS RA
All site content, except where otherwise noted, is licensed under a